000
00207 a2200097 4500
001
1348
100
_a
Machinery pubs
245
_a
Spark Machining No 46
260
_a
_b
Machinery pubs.
_c
090
_c
900
_d
900
942
_a
NUST-CAE
_c
_c
35823
999
_c
236421
_d
236421